భారతదేశ భాషల్లో ప్రధాన వార్తాపత్రికలు - Statistics

General Stats
  • This quiz has been taken 3 times
  • The average score is 2 of 9
Answer Stats
భాష వార్తాపత్రిక % Correct
తెలుగు ఈనాడు
100%
ఆంగ్లం ది టైమ్స్‌ ఆఫ్‌ ఇండియా
67%
హిందీ దైనిక్‌ జాగరణ్‌
33%
మలయాళం మలయాళ మనోరమ
0%
అరవం (తమిళం) దిన తంతి
0%
ఆరెం (మహారాష్ట్రం) లోక్‌మత్‌
0%
ఘూర్జరం (గుజరాతి) గుజరాత్‌ సమాచార్‌
0%
వంగభాష ఆనంద బజార్‌ పత్రిక
0%
కన్నడం విజయ కర్ణాటక
0%
No matching quizzes found
Score Distribution
Percent of People with Each Score
Percentile by Number Answered
Your Score History
You have not taken this quiz